La verdadera esposa de Jesucristo: la monja santa
محفوظ في:
| المؤلف الرئيسي: | |
|---|---|
| التنسيق: | كتاب |
| اللغة: | الإسبانية |
| منشور في: |
París
Librería de Garnier Hermanos
1858
|
| الطبعة: | 1a. ed |
| الموضوعات: | |
| الوسوم: |
إضافة وسم
لا توجد وسوم, كن أول من يضع وسما على هذه التسجيلة!
|
MARC
| LEADER | 00000cam a2200000 a 4500 | ||
|---|---|---|---|
| 001 | UCD0907 | ||
| 003 | CL-VaPUC | ||
| 008 | 151218e18580000fr |||||||||||||||||spa|d | ||
| 082 | 0 | 4 | |a 218 |b LIG |2 21 |
| 100 | |a Ligorio, Alfonso María de, |c Santo |e autor |9 611672 | ||
| 245 | 1 | 3 | |a La verdadera esposa de Jesucristo: la monja santa |
| 250 | |a 1a. ed | ||
| 300 | |a 669 p | ||
| 942 | |c BK | ||
| 945 | |d 20151218 14:15:00 |a gsalatino | ||
| 260 | |a París |b Librería de Garnier Hermanos |c 1858 | ||
| 600 | 0 | |a Jesús |9 313614 | |
| 650 | 7 | |a MONJAS |2 CL-VaPUC |9 337468 | |
| 650 | 0 | |a Espiritualidad cristiana |9 537993 | |
| 650 | 0 | |a Religión |9 255164 | |
| 650 | 0 | |a Mujeres |9 257649 | |
| 583 | |a last modification |c 20151218 14:15:00 |k Rodrigo Vera | ||
| 999 | |c 362344 |d 362342 | ||
| 952 | |0 0 |1 0 |3 erd |4 0 |6 218_000000000000000_LIG_1858 |7 0 |8 P |9 473442 |a BIBTEO |b BIBTES |c TEO_FTES |i 527494K |o 218 LIG 1858 |p 527494K |r 2024-01-18 |w 2019-11-24 |y BK |z Catalogado en:20151218 |k ICR | ||